00222nam a2200085 4500100003400000245005100034260002600085300000700111650001800118 aMadusha Nawarathna,D.S.M.G.S. aDrug Delivery Metal Organic Frame Work (MOFS) aColombobICHEMCc2016 a29 aDrug Delivery